000 01436cam a22003257a 4500
003 CHAP
005 20220329134348.0
008 971013s1980 r 00010 d
010 _a19354
011 _a20326
035 _a24414
040 _cCHAP
082 _a633.15
_bA54Y
110 _aThe American Phytophatological Society. St. Paul, Minn.
_9112621
245 0 _aCompendio de enfermedades del maíz
_c/by The American Phytopathological Society
260 _aSt. Paul, Minn. :
_bThe American Phytopathological Society,
_c1980.
300 _a102 p.
_b; láms. : ilus
500 _aTrad. de : A compendium of corn diseases, 1976
590 _aBATCH-UPD
_b10
_c20130110
_lUCH01
_h0300
590 _aBATCH-UPD
_b10
_c20130409
_lUCH01
_h2331
590 _aBATCH-UPD
_b10
_c20130914
_lUCH01
_h1749
590 _aCONVERSION
_b10
_c20130109
_lUCH01
_h1312
650 1 4 _aMaíz
_xEnfermedades.
_970939
901 _aBK
942 _cLIBRO
949 _a633.15 A54Y
_bBC
_cC
_d33724000570735
_eC
_h53733
_i24414
_si
_t684.00
949 _a633.15 A54Y
_bBC
_cC
_d33724000884086
_eC
_fc.4
_h103321
_i24414
_mSustituye a : Klingman, Glen / Estudio de las plantas nocivas / 632.954 K5Y c.4 / A. 49382
_sb
949 _a633.15 A54Y
_bBC
_cLIBRO
_d-56257
_eLIBRO
_fc.2
_h57733
_i24414
_si
_t684.00
949 _a633.15 A54Y
_bBC
_cLIBRO
_d33724000746533
_eLIBRO
_fc.3 Sust.
_h53734
_i24414
_mPerdido y sustituŁdo por : Parsons, David B. / MaŁz / Folleto 7346 (1990)
_si
_t684.00
999 _c19354
_d19354